000 00699nam a2200253Ia 4500
003 OSt
005 20221005073348.0
006 a|||||r|||| 00| 0
007 ta
008 221004b |||||||| |||| 00| 0 eng d
024 _a54609
037 _cTextual
040 _aCRL
_cCRL
_beng
041 _2eng
_aeng
082 _aV2y7M610aN44, M5
100 _aAhluwalia B K
245 0 _aMotilal to Rajiv in the service of the nation
260 _aNew Delhi
_bHarnam publications
_c1985
300 _a229p.
_ccm.
650 _aHISTORY
700 _a Ahluwalia Shashi
942 _hV2y7M610aN44, M5
_cTEXL
_2cc
999 _c980995
_d980995